00251nam a2200097Ia 4500008004100000041000800041100002100049245004900070260001900119650001500138231219s9999 xx 000 0 und d aeng aGailtinam / Paul aMarketing Management Strategy and Programing bM.G.H Newyork  aManagement